|
|
|
|
| LEADER |
00000cas a2200000 a 4500 |
| 001 |
vtls011612019 |
| 003 |
SK-MaSNL |
| 005 |
20260228164434.0 |
| 008 |
170217c20079999xo mr p 0 b0slo |
| 022 |
|
|
|a 2453-9791
|
| 040 |
|
|
|a SNK
|b slo
|c SNK
|e AACR2
|
| 041 |
0 |
|
|a slo
|
| 043 |
|
|
|a e-xo---
|
| 044 |
|
|
|a xo
|c SK
|
| 072 |
|
7 |
|a 316
|x Sociológia
|2 konspekt
|
| 072 |
|
7 |
|a 35
|x Verejná správa
|2 konspekt
|
| 080 |
|
|
|a 316.728
|2 2011
|
| 080 |
|
|
|a (437.641)
|2 2011
|
| 080 |
|
|
|a 352
|2 2011
|
| 210 |
0 |
|
|a Ľubeľské nov.
|
| 222 |
|
0 |
|a Ľubeľské noviny
|
| 245 |
0 |
0 |
|a Ľubeľské noviny
|
| 260 |
|
|
|a Ľubeľa
|b Obecný úrad v Ľubeli
|c 2007-
|
| 300 |
|
|
|a zv.
|c 30 cm
|
| 310 |
|
|
|a 2x ročne
|
| 362 |
0 |
|
|a 2007-
|
| 500 |
|
|
|a Evidenčné č. MK SR: EV 5454/16
|
| 500 |
|
|
|a ISSN je pridelené od roku 20216
|
| 500 |
|
|
|a Má online vydanie
|
| 500 |
|
|
|a Popis podľa č. 1/2016
|
| 515 |
|
|
|a Roky 2016-2017 majú uvedený rovnaký ročník 10
|
| 650 |
0 |
7 |
|a spoločenský život
|2 SNKPH
|9 28654
|
| 650 |
0 |
7 |
|a verejný život
|2 SNKPH
|9 265932
|
| 650 |
0 |
7 |
|a miestna správa
|2 SNKPH
|9 29496
|
| 651 |
|
7 |
|a Ľubeľa (Slovensko)
|2 SNKPHgeo
|9 256379
|
| 655 |
7 |
|
|a miestne periodiká
|2 SNKPH
|9 160938
|
| 856 |
4 |
1 |
|u https://www.lubela.sk/udalosti-v-obci/lubelske-noviny/
|
| 910 |
|
|
|a snk
|
| 999 |
|
|
|c 13618
|d 15548
|
| 952 |
|
|
|t č. 1-2
|a SNK
|b SNK
|c SNK_KF
|y PREZ
|7 8
|p 17A1558709
|o snkČSB 7886/10/2016
|i snk2026/741
|8 0
|0 0
|1 0
|4 0
|d 2026-01-19
|l 0
|r 2026-02-21 20:11:36
|w 2026-02-21
|
| 952 |
|
|
|t č. 1-2
|a SNK
|b SNK
|c SNK_KF
|y PREZ
|7 8
|p 17A1558710
|o snkČSB 7886/10/2017
|i snk2026/742
|8 0
|0 0
|1 0
|4 0
|d 2026-01-19
|l 0
|r 2026-02-21 20:11:36
|w 2026-02-21
|
| 952 |
|
|
|t č. 1-2
|a SNK
|b SNK
|c SNK_KF
|y PREZ
|7 8
|p 17A1558711
|o snkČSB 7886/11/2018
|i snk2026/743
|8 0
|0 0
|1 0
|4 0
|d 2026-01-19
|l 0
|r 2026-02-21 20:11:36
|w 2026-02-21
|
| 952 |
|
|
|t č. 1-2
|a SNK
|b SNK
|c SNK_KF
|y PREZ
|7 8
|p 17A1558712
|o snkČSB 7886/12/2019
|i snk2026/744
|8 0
|0 0
|1 0
|4 0
|d 2026-01-19
|l 0
|r 2026-02-21 20:11:36
|w 2026-02-21
|
| 952 |
|
|
|t č. 1-2
|a SNK
|b SNK
|c SNK_KF
|y PREZ
|7 8
|p 17A1558713
|o snkČSB 7886/13/2020
|i snk2026/745
|8 0
|0 0
|1 0
|4 0
|d 2026-01-19
|l 0
|r 2026-02-21 20:11:36
|w 2026-02-21
|
| 952 |
|
|
|t č. 1-2
|a SNK
|b SNK
|c SNK_KF
|y PREZ
|7 8
|p 17A1558714
|o snkČSB 7886/14/2021
|i snk2026/746
|8 0
|0 0
|1 0
|4 0
|d 2026-01-19
|l 0
|r 2026-02-21 20:11:36
|w 2026-02-21
|
| 952 |
|
|
|t č. 1-2
|a SNK
|b SNK
|c SNK_KF
|y PREZ
|7 8
|p 17A1558715
|o snkČSB 7886/15/2022
|i snk2026/747
|8 0
|0 0
|1 0
|4 0
|d 2026-01-19
|l 0
|r 2026-02-21 20:11:36
|w 2026-02-21
|
| 952 |
|
|
|t č. 1-2
|a SNK
|b SNK
|c SNK_KF
|y PREZ
|7 8
|p 17A1558716
|o snkČSB 7886/16/2023
|i snk2026/748
|8 0
|0 0
|1 0
|4 0
|d 2026-01-19
|l 0
|r 2026-02-21 20:11:36
|w 2026-02-21
|
| 952 |
|
|
|t č. 1-2
|a SNK
|b SNK
|c SNK_KF
|y PREZ
|7 8
|p 17A1558717
|o snkČSB 7886/17/2024
|i snk2026/749
|8 0
|0 0
|1 0
|4 0
|d 2026-01-19
|l 0
|r 2026-02-21 20:11:36
|w 2026-02-21
|